Proyecto y ensayo de una lengua universal y filosófica / (Record no. 165601)

MARC details
000 -LEADER
campo de control de longitud fija 00808nam a2200205 i 4500
001 - NÚMERO DE CONTROL
campo de control 165601
003 - IDENTIFICADOR DE NÚMERO DE CONTROL
campo de control ES-MaACL
005 - FECHA Y HORA DE LA ÚLTIMA TRANSACCIÓN
campo de control 20230906213154.0
008 - DATOS DE LONGITUD FIJA--INFORMACIÓN GENERAL
campo de control de longitud fija 981130s1852 sp |||| | spa d
080 ## - NÚMERO DE LA CLASIFICACIÓN DECIMAL UNIVERSAL
Número de la Clasificación Decimal Universal 811.92
100 1# - ENTRADA PRINCIPAL--NOMBRE DE PERSONA
Nombre de persona Sotos Ochando, Bonifacio.
9 (RLIN) 107547
245 10 - MENCIÓN DEL TÍTULO
Título Proyecto y ensayo de una lengua universal y filosófica /
Mención de responsabilidad, etc. por el doctor Don Bonifacio Sotos.
250 ## - MENCION DE EDICION
Mención de edición 2ª ed.
260 ## - PUBLICACIÓN, DISTRIBUCIÓN, ETC.
Lugar de publicación, distribución, etc. Madrid :
Nombre del editor, distribuidor, etc. [s.n.],
Fecha de publicación, distribución, etc. 1852 (
Fabricante Imp. de J. Martín Alegría)
300 ## - DESCRIPCIÓN FÍSICA
Extensión 112 p. ;
Dimensiones 20 cm.
530 ## - NOTA DISPONIBLE DE FORMULARIO FÍSICO ADICIONAL
Nota de formato físico adicional disponible Disponible en formato digital.
650 #4 - PUNTO DE ACCESO ADICIONAL DE MATERIA--TÉRMINO DE MATERIA
Término de materia o nombre geográfico como elemento de entrada Lenguas artificiales.
9 (RLIN) 136381
852 4# - LOCALIZACIÓN
Ubicación ES-MaACL
Número de control de estantería T-9-F-6
Nota libre - Enc. hol.
-- - Enc. en un vol. facticio
856 4# - LOCALIZACIÓN Y ACCESO ELECTRÓNICOS
Identificador Uniforme de Recursos <a href="https://patrimoniodigital.castillalamancha.es/es/consulta/registro.do?id=11987">https://patrimoniodigital.castillalamancha.es/es/consulta/registro.do?id=11987</a>
Nota pública Patrimonio Digital de Castilla-La Mancha
Holdings
Estatus retirado Estado de pérdida Estado de daño No para préstamo Colección Biblioteca de origen Biblioteca actual Ubicación en estantería Fecha de adquisición Total de préstamos Signatura topográfica completa Código de barras Visto por última vez Precio de reemplazo Tipo de ítem Koha
        Colección de folletos Biblioteca del Ateneo de Madrid Biblioteca del Ateneo de Madrid Depósito folletos 17/01/2008   T-9-F-6 1173668 23/02/2023 23/02/2023 Folleto